00792nam a2200193 a 450000100100000000500170001000800410002702000150006804000250008310000410010824500830014926000750023230000210030750400320032850400730036071000430043395201050047699900170058100003733820200930080311.0120328s1982 sp 000 0 spa d a8400052501 aDO-SdBNPbspacBNPHU1 aAparici Llanas, María Pilar96380514aLas novelas de tesis de Benito Pérez Galdos /cMaría Pilar Aparici Llanas. aBarcelona :bConsejo Superior de Investigaciones Científicas,c1982. a386 p. ;c25 cm. aBibliografía : p. 379-386 aIncluye referencias bibliográficas y notas al pie de las páginas2 aInstitució Milà i Fontanals963806 001050718MOaGRbGRcCTd2012-03-28iLF1l0o p37338-10r2020-06-25w2020-06-25y1ZNo se presta c36828d36828